00912nam a22001815i 4500001000700000003000900007005001700016008004100033040003000074100003900104245011900143260007200262300002100334490002600355500007500381830002600456852024800482160530ES-MaACL20250524063056.0990723s1846 sp |||| | spa d aCCPB | B bspa cCCPB | B1 aNavarrete, Ramón de, d1818-189713aUn marido como hay muchos b: comedia en tres actos / carreglada á la escena española por Ramon de Navarrete. aMadrid : b[Manuel Delgado], c1846 (fImprenta de José Repulles) a59 p. ; c19 cm.1 aGalería dramática aEn port.: Estrenada en el teatro del Príncipe el 14 de mayo de 1846.0 aGalería dramática aES-MaACLjF-8621(4) z-- Enc. pasta española q-- Falto de la cub. originalz-- Enc. en un vol. facticio formando parte de la col. facticia "Teatro español moderno", vol. 76 z.- Dedicatoria manuscrita del traductor "A su querida mamá"